000 00531nam a22001937a 4500
005 20251108171948.0
008 250721s1992 xx 000 0 ara d
082 1 4 _a155.4/عرق
100 1 _aأبو عرقوب، أحمد حسن
245 1 0 _aتطور لغة الطفل /
250 _aط3
264 1 _aعمان :
_bمركز غنيم للتصميم و الطباعة،
_c1992.
300 _a123ص
650 1 7 _aالطفل
650 1 7 _aالدراسة
650 1 7 _aالأطفال
942 _2ddc
_cBK
999 _c66989
_d66989